[Event "Kemerovo op 08"]
[Site "Kemerovo"]
[Date "2009.08.26"]
[Round "7"]
[White "Ilenko, Aleksei"]
[Black "Gusev, Yurij"]
[Result "1/2-1/2"]
[WhiteElo "1993"]
[BlackElo "2148"]
[PlyCount "74"]
[EventDate "2009.08.22"]
[EventType "swiss"]
[EventRounds "9"]
[EventCountry "RUS"]
[SourceTitle "EXT 2012"]
[Source "ChessBase"]
[SourceDate "2011.11.24"]
[SourceVersion "1"]
[SourceVersionDate "2011.11.24"]
[SourceQuality "1"]

1. d4 d5 2. Nf3 Nf6 3. c4 c6 4. Nc3 e6 5. e3 Nbd7 6. Bd3 Bd6 7. 0-0 0-0 8. e4 dxe4 9. Nxe4 Nxe4 10. Bxe4 Nf6 11. Bc2 Qc7 12. Bg5 Bf4 13. Bxf6 gxf6 14. g3 Bh6 15. Nh4 f5 16. Ng2 Qe7 17. Re1 Qf6 18. Qd3 Bd7 19. b3 Rad8 20. Rad1 Bc8 21. Qc3 c5 22. Qa5 cxd4 23. Qxa7 e5 24. Qc5 Rfe8 25. Qa3 b6 26. b4 Bb7 27. Ba4 Bc6 28. Bxc6 Qxc6 29. Nh4 Qxc4 30. Nxf5 Bf8 31. Qf3 Re6 32. Qg4+ Kh8 33. Qg5 Qd5 34. Rxe5 Qxe5 35. Qxd8 Kg8 36. Qg5+ Kh8 37. Qd8 Kg8 1/2-1/2

[Event "Kemerovo op"]
[Site "Kemerovo"]
[Date "2009.07.25"]
[Round "9"]
[White "Zimin, Ivan"]
[Black "Gusev, Yurij"]
[Result "1-0"]
[WhiteElo "2121"]
[BlackElo "2148"]
[PlyCount "71"]
[EventDate "2009.07.20"]
[EventType "swiss"]
[EventRounds "9"]
[EventCountry "RUS"]
[SourceTitle "EXT 2022"]
[Source "ChessBase"]
[SourceDate "2021.10.06"]
[SourceVersion "1"]
[SourceVersionDate "2021.10.06"]
[SourceQuality "1"]

1. d4 d5 2. e3 Nf6 3. Bd3 e6 4. f4 c5 5. c3 c4 6. Bc2 b5 7. Nf3 Nc6 8. 0-0 Bd6 9. g3 Bb7 10. Re1 Ne7 11. Nbd2 Ne4 12. Nxe4 dxe4 13. Ng5 h5 14. Bxe4 Nd5 15. Bg2 Qd7 16. e4 Nb6 17. h4 f6 18. Nh3 0-0-0 19. Qe2 Be7 20. Be3 Qc7 21. Kh2 Nd7 22. a4 b4 23. cxb4 Bxb4 24. Rec1 Ba6 25. b3 Qa5 26. bxc4 Nb6 27. Qa2 Kd7 28. c5 Na8 29. d5 exd5 30. exd5 Rhe8 31. Bd4 Re2 32. Rc2 Rde8 33. Ng1 Rxc2 34. Qxc2 Nc7 35. Qf5+ Kd8 36. Bh3 1-0

[Event "Kemerovo op"]
[Site "Kemerovo"]
[Date "2009.07.21"]
[Round "3"]
[White "Emeljashin, Yury"]
[Black "Gusev, Yurij"]
[Result "0-1"]
[WhiteElo "2080"]
[BlackElo "2148"]
[PlyCount "38"]
[EventDate "2009.07.20"]
[EventType "swiss"]
[EventRounds "9"]
[EventCountry "RUS"]
[SourceTitle "EXT 2022"]
[Source "ChessBase"]
[SourceDate "2021.10.06"]
[SourceVersion "1"]
[SourceVersionDate "2021.10.06"]
[SourceQuality "1"]

1. e4 e5 2. Bc4 Nc6 3. Nf3 Be7 4. 0-0 d6 5. h3 Nf6 6. Re1 0-0 7. d4 exd4 8. Nxd4 Nxd4 9. Qxd4 Nd7 10. Nc3 Ne5 11. Bb3 c5 12. Qe3 c4 13. f4 cxb3 14. fxe5 bxc2 15. exd6 Bxd6 16. Qf2 Bd7 17. Qxc2 Qh4 18. Be3 Qg3 19. Re2 Bxh3 0-1

[Event "Kemerovo-ch"]
[Site "Kemerovo"]
[Date "2009.03.22"]
[Round "9"]
[White "Zimin, Ivan"]
[Black "Gusev, Yurij"]
[Result "0-1"]
[WhiteElo "2138"]
[BlackElo "2138"]
[PlyCount "86"]
[EventDate "2009.03.16"]
[EventType "swiss"]
[EventRounds "9"]
[EventCountry "RUS"]
[SourceTitle "EXT 2010"]
[Source "ChessBase"]
[SourceDate "2010.11.25"]
[SourceVersion "1"]
[SourceVersionDate "2010.11.25"]
[SourceQuality "1"]

1. d4 d5 2. e3 Nf6 3. Bd3 c5 4. c3 c4 5. Bc2 Nc6 6. f4 b5 7. Nf3 e6 8. 0-0 Bd6 9. g3 0-0 10. Ne5 Bb7 11. Qf3 a5 12. Nd2 g6 13. a4 b4 14. Nxc6 Bxc6 15. cxb4 Bxb4 16. g4 Rc8 17. g5 Nh5 18. Nb1 f6 19. h4 e5 20. Nc3 e4 21. Qg2 Ng7 22. Bd2 Nf5 23. Qf2 Rc7 24. Kg2 Ng7 25. Rh1 Nh5 26. Bd1 Qd7 27. Rg1 fxg5 28. hxg5 Qf5 29. Kf1 Qh3+ 30. Qg2 Qe6 31. Bg4 Qf7 32. Bxh5 gxh5 33. g6 Qf5 34. gxh7+ Kxh7 35. Qg5 Rcf7 36. Ke2 Be7 37. Qg2 Bf6 38. Qh2 h4 39. Be1 Qh5+ 40. Kd2 Rb7 41. Rb1 Rfb8 42. Kc2 Rg7 43. Rxg7+ Kxg7 0-1

[Event "Kemerovo 90 Anniv"]
[Site "Kemerovo"]
[Date "2008.04.19"]
[Round "2"]
[White "Gusev, Yurij"]
[Black "Zimin, Ivan"]
[Result "0-1"]
[WhiteElo "2074"]
[BlackElo "2148"]
[PlyCount "118"]
[EventDate "2008.04.18"]
[EventType "swiss"]
[EventRounds "9"]
[EventCountry "RUS"]
[SourceTitle "EXT 2022"]
[Source "ChessBase"]
[SourceDate "2021.10.06"]
[SourceVersion "1"]
[SourceVersionDate "2021.10.06"]
[SourceQuality "1"]

1. e4 c5 2. f4 Nc6 3. Nf3 e6 4. Nc3 d5 5. e5 g6 6. d3 Bd7 7. g3 a6 8. Bg2 b5 9. 0-0 Nge7 10. Ne2 h5 11. Be3 Nf5 12. Bf2 Be7 13. h3 Qc7 14. c3 Rb8 15. d4 c4 16. g4 Ng7 17. Qe1 hxg4 18. hxg4 b4 19. Ng3 Qa5 20. f5 gxf5 21. gxf5 exf5 22. b3 Be6 23. bxc4 dxc4 24. Ne2 Nh5 25. Bh4 Bd5 26. Qf2 Qd8 27. Bxe7 Nxe7 28. Qh4 Ng6 29. Qxd8+ Kxd8 30. Ng5 Bxg2 31. Kxg2 Ke7 32. cxb4 Rbg8 33. Kf2 Nxe5 34. dxe5 Rxg5 35. Rac1 Rhg8 36. Rxc4 Rg2+ 37. Ke1 Rxe2+ 38. Kxe2 Ng3+ 39. Ke1 Nxf1 40. Kxf1 Rb8 41. a3 Rb5 42. Rc7+ Ke6 43. Rc6+ Kxe5 44. Rxa6 Ke4 45. Ra7 f6 46. Kf2 f4 47. Re7+ Kf5 48. Re2 Kg4 49. Re1 Rb8 50. Rg1+ Kf5 51. Rb1 Rh8 52. b5 Ke6 53. a4 Kd7 54. Rc1 Rh2+ 55. Kf3 Rb2 56. Rc4 Ke6 57. Kxf4 Kd5 58. Re4 f5 59. Re5+ Kd6 0-1

[Event "Kuzbass-ch"]
[Site "Kemerovo"]
[Date "2007.12.21"]
[Round "8"]
[White "Gorokhov, Vladimir"]
[Black "Gusev, Yurij"]
[Result "1-0"]
[WhiteElo "2017"]
[BlackElo "2114"]
[PlyCount "184"]
[EventDate "2007.12.16"]
[EventType "swiss"]
[EventRounds "9"]
[EventCountry "RUS"]
[SourceTitle "CBM 122 Extra"]
[Source "ChessBase"]
[SourceDate "2008.03.04"]
[SourceVersion "1"]
[SourceVersionDate "2008.03.04"]
[SourceQuality "1"]

1. e4 e5 2. Nf3 Nc6 3. d4 exd4 4. Nxd4 Bc5 5. Be3 Nxd4 6. Bxd4 Bxd4 7. Qxd4 Qf6 8. e5 Qb6 9. Qc3 Ne7 10. Bc4 0-0 11. Nd2 Qc6 12. Qf3 Ng6 13. Qg3 Re8 14. f4 d6 15. 0-0-0 dxe5 16. fxe5 Be6 17. Bd3 Qa4 18. a3 Qg4 19. Bxg6 hxg6 20. Qxg4 Bxg4 21. Rde1 Re7 22. h3 Bd7 23. Re2 Rae8 24. Rhe1 f6 25. Nf3 Bc6 26. Nd4 Bd5 27. Nf3 Kf7 28. Kd2 Bxf3 29. gxf3 Rxe5 30. Rxe5 fxe5 31. Ke3 Rh8 32. Rh1 Rh4 33. c3 Kf6 34. Kf2 Rh8 35. Ke3 Kf5 36. Rh2 g5 37. Rh1 c5 38. a4 a5 39. c4 Rh4 40. b3 b6 41. Rh2 e4 42. Rh1 Ke5 43. Rd1 exf3 44. Rd5+ Ke6 45. Rxg5 Rxh3 46. Rg6+ Kf5 47. Rxb6 g5 48. Rb5 g4 49. Rxc5+ Kf6 50. Rxa5 Rh2 51. Ra8 Re2+ 52. Kd3 Re7 53. Rg8 Kf5 54. a5 Kf4 55. Rf8+ Kg3 56. a6 f2 57. b4 Kg2 58. b5 f1Q+ 59. Rxf1 Kxf1 60. b6 g3 61. b7 g2 62. b8Q Rd7+ 63. Kc3 g1Q 64. Qb1+ Kf2 65. Qf5+ Ke2 66. Qxd7 Qa1+ 67. Kb4 Qxa6 68. c5 Qa1 69. c6 Qb2+ 70. Kc5 Qa3+ 71. Kb6 Qb4+ 72. Kc7 Qa5+ 73. Kc8 Qa8+ 74. Kc7 Qa5+ 75. Kb8 Qb4+ 76. Kc8 Qf8+ 77. Kc7 Qf4+ 78. Kd8 Qb8+ 79. Ke7 Qb4+ 80. Qd6 Qh4+ 81. Ke8 Qh5+ 82. Kd7 Qb5 83. Kd8 Qb6+ 84. Ke7 Kf1 85. c7 Qe3+ 86. Kd8 Qg5+ 87. Ke8 Qh5+ 88. Kd8 Qg5+ 89. Qe7 Qd5+ 90. Ke8 Qc6+ 91. Kf8 Qh6+ 92. Kg8 Qc6 1-0

[Event "Kuzbass-ch"]
[Site "Kemerovo"]
[Date "2007.12.18"]
[Round "5"]
[White "Gusev, Yurij"]
[Black "Musaev, Ruslan"]
[Result "1-0"]
[WhiteElo "2114"]
[BlackElo "2140"]
[PlyCount "75"]
[EventDate "2007.12.16"]
[EventType "swiss"]
[EventRounds "9"]
[EventCountry "RUS"]
[SourceTitle "CBM 122 Extra"]
[Source "ChessBase"]
[SourceDate "2008.03.04"]
[SourceVersion "1"]
[SourceVersionDate "2008.03.04"]
[SourceQuality "1"]

1. e4 e5 2. f4 d5 3. exd5 e4 4. c4 Nf6 5. d3 Bc5 6. d4 Bb6 7. Nc3 c5 8. Nge2 0-0 9. Be3 Ng4 10. Qd2 cxd4 11. Bxd4 e3 12. Qd3 Re8 13. Bxb6 axb6 14. Nd1 Na6 15. h3 Qh4+ 16. g3 Qh5 17. Nd4 Nc5 18. Qe2 Qh6 19. Bg2 Nf2 20. 0-0 Nce4 21. Qxe3 Nxh3+ 22. Bxh3 Bxh3 23. Re1 Nd6 24. Qf2 Rxe1+ 25. Qxe1 Re8 26. Qf2 Nxc4 27. Rc1 Nd6 28. Nc3 Qg6 29. Nf3 h6 30. Ne5 Qf6 31. g4 g5 32. Nd7 Qxf4 33. Qxf4 gxf4 34. Nf6+ Kg7 35. Nxe8+ Nxe8 36. Rd1 Bxg4 37. d6 Bd7 38. Nd5 1-0

[Event "Kemerovo op"]
[Site "Kemerovo"]
[Date "2007.07.27"]
[Round "8"]
[White "Gusev, Yurij"]
[Black "Alimov, Alexander"]
[Result "1-0"]
[WhiteElo "2114"]
[BlackElo "2053"]
[PlyCount "101"]
[EventDate "2007.07.23"]
[EventType "swiss"]
[EventRounds "9"]
[EventCountry "RUS"]
[SourceTitle "EXT 2022"]
[Source "ChessBase"]
[SourceDate "2021.10.06"]
[SourceVersion "1"]
[SourceVersionDate "2021.10.06"]
[SourceQuality "1"]

1. e4 c6 2. f4 d5 3. e5 c5 4. Nf3 Nc6 5. Nc3 Bf5 6. d3 e6 7. g3 Bg4 8. Bg2 Nge7 9. 0-0 Nd4 10. Ne2 Nef5 11. c3 Nxf3+ 12. Bxf3 h5 13. Kg2 Be7 14. Bxg4 hxg4 15. Ng1 d4 16. Qxg4 Qd5+ 17. Qf3 Rd8 18. c4 Qd7 19. Rd1 g6 20. Qe4 Kf8 21. Nf3 Kg7 22. g4 Nh4+ 23. Nxh4 Rxh4 24. h3 Rdh8 25. Rh1 Qa4 26. b3 Qb4 27. Qe2 Bd8 28. Bd2 Qb6 29. Qf3 a5 30. Raf1 a4 31. Rb1 Qa6 32. b4 Be7 33. bxc5 Qc6 34. Rxb7 Qxf3+ 35. Kxf3 Rxh3+ 36. Rxh3 Rxh3+ 37. Ke4 Bxc5 38. f5 gxf5+ 39. gxf5 exf5+ 40. Kd5 Rxd3 41. Bf4 Rf3 42. e6 Rxf4 43. Rxf7+ Kg6 44. Kxc5 Re4 45. Rd7 Rxe6 46. Rxd4 Rf6 47. Rd1 f4 48. Kb5 a3 49. c5 Kf5 50. c6 Ke4 51. c7 1-0

[Event "Kemerovo op"]
[Site "Kemerovo"]
[Date "2007.07.24"]
[Round "3"]
[White "Ushacov, Vladimir"]
[Black "Gusev, Yurij"]
[Result "0-1"]
[WhiteElo "2151"]
[BlackElo "2114"]
[PlyCount "111"]
[EventDate "2007.07.23"]
[EventType "swiss"]
[EventRounds "9"]
[EventCountry "RUS"]
[SourceTitle "EXT 2022"]
[Source "ChessBase"]
[SourceDate "2021.10.06"]
[SourceVersion "1"]
[SourceVersionDate "2021.10.06"]
[SourceQuality "1"]

1. c4 e5 2. Nc3 Nc6 3. g3 d6 4. Bg2 f5 5. d3 Nf6 6. e3 Be7 7. Nge2 0-0 8. 0-0 Kh8 9. Rb1 Qe8 10. b4 Be6 11. Nd5 Bd8 12. b5 Bxd5 13. cxd5 Ne7 14. Nc3 Nd7 15. f4 Ng6 16. d4 e4 17. g4 Nh4 18. g5 h6 19. gxh6 gxh6 20. Bh3 Nf3+ 21. Rxf3 exf3 22. Qxf3 Rg8+ 23. Kh1 Qg6 24. Ne2 Bh4 25. Bd2 Nf6 26. Rg1 Ng4 27. Ng3 h5 28. Bf1 Bxg3 29. Rxg3 Rg7 30. Rg2 Rag8 31. h3 Qh7 32. Be1 Nf6 33. Bh4 Ne4 34. Rxg7 Rxg7 35. Bg2 Qg6 36. Kh2 Kg8 37. Be1 Kh7 38. Bh4 Kh6 39. Qf1 Qe8 40. Bxe4 Qxe4 41. Bf6 Rg8 42. Bg5+ Kg6 43. Qc4 Rg7 44. Qb3 Qf3 45. h4 Qe4 46. a4 Qe8 47. a5 a6 48. bxa6 bxa6 49. Qb7 Qxe3 50. Qxa6 Qf2+ 51. Kh3 Qf3+ 52. Kh2 Qxd5 53. Qc8 Qf7 54. a6 Rg8 55. Qb7 Re8 56. a7 0-1